|
|
|
|
| LEADER |
02087cam a2200373 a 4500 |
| 001 |
10096163 |
| 003 |
GR-PaULI |
| 005 |
20240709122908.0 |
| 008 |
120201d2003 gr f gre d |
| 952 |
|
|
|0 0
|1 0
|4 0
|6 882_130000000000000_ΜΥΡ
|7 0
|9 107017
|a THST
|b THST
|d 2016-04-24
|i 02354
|l 1
|o 882.13 ΜΥΡ
|p 025000017390
|r 2022-05-04 00:00:00
|s 2022-04-08
|t 1
|w 2016-04-24
|y BK15
|
| 952 |
|
|
|0 0
|1 0
|2 ddc
|4 0
|6 882_010000000000000_ΕΥΡ
|7 0
|9 234895
|a LISA
|b LISA
|c BSC
|d 2019-09-09
|i 4278
|l 0
|o 882.01 ΕΥΡ
|p 025000263624
|r 2019-09-09 00:00:00
|t 2
|w 2019-09-09
|y BK15
|
| 999 |
|
|
|c 71976
|d 71976
|
| 020 |
|
|
|a 9601607013
|
| 040 |
|
|
|a GR-PaULI
|b gre
|c GR-PaULI
|d GR-AiPI
|e AACR2
|
| 041 |
0 |
|
|a gre
|a grc
|
| 082 |
1 |
4 |
|a 882.13
|2 ΕΕΒ
|
| 082 |
1 |
4 |
|a 882.01
|2 23
|
| 245 |
1 |
0 |
|a Ευριπίδου Κύκλωψ /
|c μετάφραση Κ.Χ. Μύρης [Κ. Γεωργουσόπουλος] ; εισαγωγή, σχόλια Αθ. Φραγκούλης.
|
| 260 |
|
|
|a Αθήνα :
|b Πατάκης,
|c 2003.
|
| 300 |
|
|
|a 119 σ. ;
|c 21 εκ.
|
| 490 |
1 |
|
|a Αρχαίοι Έλληνες συγγραφείς / Πατάκης
|
| 500 |
|
|
|a Αρχαίο κείμενο και νεοελληνική μετάφραση σε αντικριστές σελίδες.
|
| 504 |
|
|
|a Βιβλιογραφία : σ. 119.
|
| 600 |
0 |
4 |
|9 157448
|a Ευριπίδης
|d (480-406)
|t Κύκλωψ.
|
| 600 |
0 |
4 |
|a Ευριπίδης,
|d (480-406)
|x Μεταφράσεις στα Νέα Ελληνικά
|9 82164
|
| 650 |
|
4 |
|a Ελληνική λογοτεχνία, Αρχαία
|9 1684
|
| 700 |
1 |
|
|a Φραγκούλης, Αθανάσιος Κ.
|e μεταφραστής.
|9 103331
|
| 700 |
1 |
|
|9 5649
|a Γεωργουσόπουλος, Κώστας,
|d 1937-
|e μεταφραστής.
|
| 700 |
1 |
|
|a Μύρης, Κ. Χ.,
|d 1937-
|e μεταφραστής.
|9 23319
|
| 830 |
|
0 |
|a Αρχαίοι Έλληνες συγγραφείς (Πατάκης)
|9 177437
|
| 852 |
|
|
|a GR-PaULI
|b ΠΑΤΡΑ
|b ΘΕΑΤΡΟΛΟΓΙΑ
|k ΑΣΧΕ-3
|h 882.13 ΜΥΡ
|m 02354
|p 025000017390
|t 1
|
| 942 |
|
|
|2 ddc
|c BK15
|
| 998 |
|
|
|c ΜΑΝΙΑ
|d 2012-02
|
| 998 |
|
|
|c ΜΙΧΟΣΤΑΥΡΟΥ
|d 2019-09
|